| 000 | 01133nam0a22002531 4500 | ||
|---|---|---|---|
| 001 | rc\2785046 | ||
| 005 | 20250529164830.0 | ||
| 035 | _a(NLR Aleph) 006911245 | ||
| 090 |
_a7349450 _c7349450 |
||
| 100 | _a20110915d1935 |||y0rusy50 ca | ||
| 101 | 0 | _arus | |
| 102 | _aRU | ||
| 105 | _aac z ||||| | ||
| 200 | 1 |
_aРабочий класс в революции 1905-07 годов в Азово-Черноморском и Северокавказском краях _fП. Семернин _gИстпарт Азово-Черноморск. крайкома ВКП(б) |
|
| 210 |
_aРостов-на-Дону _cАзчеркн-во _d1935 _gтип. им. Коминтерна |
||
| 215 |
_aОбл., 224 с., 2 л. портр. _cил. _d22х15 см. |
||
| 700 | 1 |
_aСемернин _bП.В. _f1904-1966 _gПетр Васильевич |
|
| 712 | 0 | 2 |
_aВКП(б) _bАзово-Черноморский краев. ком-т _bОтдел по изуч. истории Октябр. революции и ВКП |
| 801 | 0 |
_aRU _bNLR _gpsbo |
|
| 801 | 1 |
_aRU _bELAR _2rusmarc |
|
| 852 |
_aNLR _j35-4/1765 |
||
| 942 | _cBOOK | ||
| 980 | _aNB | ||